[Event "FISU World University-ch 2020-KO"]
[Site "Online"]
[Date "2020.10.26"]
[Round "2"]
[White "Bekturov, Tamerlan"]
[Black "Ivannikau, Maksim"]
[Result "1-0"]
[WhiteElo "2244"]
[BlackElo "2224"]
[Annotator "TA"]
[PlyCount "111"]
[EventDate "2020.10.26"]
[EventType "team-tourn"]
[SourceTitle "playchess.com"]
[Source "ChessBase"]
[SourceQuality "1"]

{[%evp 15,111,22,47,14,22,21,37,61,37,35,42,41,62,43,104,59,119,97,229,220,237,226,227,204,214,180,202,197,204,180,186,190,199,183,210,177,177,178,187,197,219,177,226,213,491,468,460,454,408,278,265,245,252,251,270,254,262,0,268,0,260,203,272,268,478,478,940,907,937,934,910,899,1115,1123,874,468,545,545,539,537,537,537,493,493,537,537,700,638,29981,29982,29987,29988,29992,29993,29993,29987,29986,29987]} 1. d4 Nf6 2. Nf3 g6 3. Nbd2 Bg7 4. e4 d6 5. Bd3 O-O 6. O-O Nbd7 7. Re1 e5 8. c3 Re8 9. dxe5 {B07: Pirc Defence: Miscellaneous Systems.} dxe5 10. Bf1 b6 11. Qc2 {White is slightly better.} Bb7 12. a4 a5 {[#]} 13. b4 $146 ({Predecessor:} 13. Nc4 Nc5 14. Nfd2 Qd7 15. f3 Rad8 16. Rd1 Bf8 17. Ne3 Qc8 18. Ndc4 Nfxe4 19. fxe4 Bxe4 {0-1 (37) Limp,E (2465)-Valerga,D (2468) Vicente Lopez 2001}) 13... Qc8 14. Bb2 Bc6 ({Better is} 14... Qd8 $14) 15. Qb3 h6 (15... Nf8 $14) 16. Bc4 $16 Rf8 {[#]} (16... Re7 $16 {keeps fighting.}) 17. Nh4 $1 $18 g5 18. Ng6 {aiming for Ne7+.} Qe8 19. b5 Nc5 20. Qc2 Bd7 21. Ba3 Kh7 22. Nxf8+ Bxf8 23. Nf1 Kg7 24. Ng3 Be6 25. Bxe6 fxe6 26. Nf1 {[%cal Bg3f1,Bf1d2,Bd2c4][%mdl 32]} Qg6 27. Nd2 Rd8 28. Nc4 Nfxe4 29. Rad1 Bd6 $2 (29... Rxd1 30. Qxd1 (30. Rxd1 Qf5 $16) 30... Qf6) 30. f3 Nf6 31. Qxg6+ Kxg6 32. Nxe5+ Kg7 33. Bxc5 Bxc5+ 34. Kh1 Bd6 35. Nc4 Kf7 36. Ne5+ Kg7 37. Nc4 Kf7 $1 38. Nxd6+ cxd6 {[%mdl 4096] Endgame [#] KRR-KRN} 39. Rd4 $1 e5 $2 {[#]} (39... Ke7 40. Rc4 d5 41. Rc7+ Rd7) 40. Rxe5 $1 {[%mdl 576] Pin} Rc8 (40... Rd7 $142) (40... dxe5 41. Rxd8) 41. Rxd6 Rxc3 42. Kg1 Nh5 43. Rxh6 Nf4 44. Rf5+ Kg7 45. Rxf4 Kxh6 {KR-KR} 46. Rf6+ {[%mdl 64] Double Attack} Kg7 47. Rxb6 Rc4 48. Ra6 Rxa4 49. b6 Ra1+ 50. Kf2 a4 51. Ra5 Kf6 52. Rb5 {White mates.} a3 53. b7 a2 54. b8=Q Rf1+ 55. Kxf1 a1=Q+ 56. Rb1 {Av CentiPawn Loss W=-23/B=-73. Weighted=-30/-75} 1-0

[Event "FISU World University-ch 2020-KO"]
[Site "Online"]
[Date "2020.10.26"]
[Round "2"]
[White "Varshini, V."]
[Black "Petrosyan, Manuel"]
[Result "0-1"]
[WhiteElo "2226"]
[BlackElo "2628"]
[Annotator "TA"]
[PlyCount "66"]
[EventDate "2020.10.26"]
[EventType "team-tourn"]
[SourceTitle "playchess.com"]
[Source "ChessBase"]
[SourceQuality "1"]

{[%evp 9,65,39,28,-23,-22,-22,-22,-22,-18,-31,0,0,-8,-107,-91,-105,-95,-94,-90,-129,-70,-101,-82,-102,-84,-94,-81,-104,-69,-195,-197,-211,-210,-200,-166,-174,-150,-212,-186,-207,-172,-214,-201,-221,-188,-267,-275,-542,-540,-1376,-1520,-29993,-29994,-29994,-1041,-29998,-29999,-29999]} 1. e4 c5 2. Nc3 e6 3. Nge2 Nc6 4. g3 h5 5. Bg2 h4 6. h3 {B23: Closed Sicilian: Lines without g3.} (6. d4 $142) 6... hxg3 $11 7. fxg3 {[#]} Nf6 $146 ({Predecessor:} 7... Bd6 8. d3 a6 9. Be3 Qc7 10. Bf2 Rb8 11. Qd2 g6 12. Qe3 b5 13. O-O Bb7 {0-1 (47) Lucas,F-Grichkevitch,G Val Maubuee 1990}) 8. d3 {The position is equal.} Be7 9. Be3 d5 10. exd5 $1 exd5 {[#] White must now prevent ...d4.} 11. Bf2 (11. d4 $11 {keeps the balance.}) 11... d4 $17 12. Ne4 Nxe4 13. dxe4 g5 14. g4 Ne5 (14... Be6 $17 15. O-O Qc7) 15. Ng3 Qa5+ 16. Qd2 Qxd2+ 17. Kxd2 Nc4+ 18. Kc1 Bd6 19. a4 (19. Nh5 $15) 19... Bf4+ $19 20. Kb1 Nd2+ 21. Ka2 Be6+ 22. b3 c4 {Hoping for ...0-0-0.} 23. Nf5 (23. Bxd4 $17 cxb3+ 24. cxb3) 23... cxb3+ 24. cxb3 Bxb3+ {[%mdl 64] [#] Double Attack} 25. Kb2 d3 {...Rc8 is the strong threat.} 26. Bd4 Kd7 {And now ...Rhc8 would win.} 27. Bc3 (27. Bxh8 $142 Rxh8 28. Nd4) 27... Bc2 28. Bxh8 $2 (28. Bxd2 {only move.} Bxd2 29. Rhd1) 28... Rxh8 29. Rae1 Be5+ 30. Ka3 Rc8 31. Ne3 Nc4+ (31... Rc3+ $142 32. Kb4 Bd4 33. Rb1 Bxb1 34. Rxb1 Nxb1 35. e5 Bc5+ 36. Ka5 Bxe3 37. Bd5 d2 38. Bxb7 d1=Q 39. e6+ fxe6 40. Be4 Qd4 41. Bc6+ Rxc6 42. Kb5 Qc5#) 32. Nxc4 Rxc4 {[%csl Gc2][%cal Rc4a4]} 33. Bf1 Rxa4# {White did not feel at home in the position after the opening. Av CentiPawn Loss W=-139/B=-78. Weighted=-94/-58} 0-1

[Event "FISU World University-ch 2020-KO"]
[Site "Online"]
[Date "2020.10.26"]
[Round "2"]
[White "Liu, Manli"]
[Black "Liu, Yan"]
[Result "0-1"]
[WhiteElo "2192"]
[BlackElo "2524"]
[Annotator "TA"]
[PlyCount "116"]
[EventDate "2020.10.26"]
[EventType "team-tourn"]
[SourceTitle "playchess.com"]
[Source "ChessBase"]
[SourceQuality "1"]

{[%evp 15,116,6,38,0,29,19,28,0,0,-6,21,20,16,14,22,0,0,0,-6,0,3,11,13,0,0,-5,-1,-27,-16,-16,-19,-14,-17,-45,-45,-45,-45,-58,-58,-58,-58,-66,-58,-98,-98,-107,-101,-155,-122,-122,-122,-368,-363,-347,-334,-433,-427,-453,-460,-515,-515,-557,-548,-650,-547,-698,-683,-686,-686,-675,-675,-648,-662,-645,-653,-623,-614,-684,-736,-728,-728,-993,-991,-967,-916,-914,-959,-871,-862,-1034,-1029,-1314,-1310,-1150,-1122,-1475,-1283,-6632,-1196,-2094,-1964,-6037,-5716]} 1. e4 c5 2. Nf3 d6 3. d4 cxd4 4. Nxd4 Nf6 5. Nc3 a6 6. Be2 e5 7. Nb3 Be7 8. Bg5 {is currently scoring better than 8.0-0.} Nbd7 9. Qd3 {B92: Sicilian Najdorf: 6 Be2.} b6 10. O-O Bb7 11. Rad1 {White has an edge.} O-O 12. a4 {[#]} Rc8 $146 ({Predecessor:} 12... b5 13. axb5 axb5 14. Bxf6 Nxf6 15. Qxb5 Ba6 16. Qxa6 Rxa6 17. Bxa6 Qb6 18. Be2 Ra8 {0-1 (37) Netzer,J (2394)-Tazbir,M (2520) Germany 2011}) 13. Bf3 Qc7 14. Rfe1 h6 15. Bxf6 (15. Be3 {is more complex.} Nb8 16. Qe2 Nbd7 17. g3 a5 18. Bg2) 15... Nxf6 16. Nd2 Rfd8 17. Nf1 g6 18. Ne3 h5 19. h3 Bf8 20. Re2 Bh6 21. Ned5 Nxd5 22. Nxd5 Bxd5 23. Qxd5 Qc4 24. b3 Qxd5 25. Rxd5 Rc3 26. h4 Kf8 27. Re1 Rxc2 28. Be2 a5 29. Bc4 Bd2 30. Rd1 Bb4 31. Kf1 (31. Rxe5 $142 Bc5 32. Red5) 31... Ke7 32. R5d3 Rc8 33. Rf3 $2 {[#] Now White is beyond hope.} (33. Bd5 $17 {was worth a try.}) 33... R8xc4 $19 34. bxc4 Rxc4 {[%mdl 4096] Endgame KRR-KRB} 35. Rfd3 Rxe4 {Black is clearly winning.} 36. g3 Bc5 37. Ra1 Rc4 38. Ra2 Ke6 39. Ke2 f5 40. f3 d5 41. Rd1 e4 42. fxe4 dxe4 43. Kd2 Bb4+ 44. Ke2 Rc3 45. Rg1 Bd6 46. Rb2 Bc5 47. Rg2 Ra3 48. Kf1 Ra1+ 49. Ke2 Rxa4 50. Kd2 Rd4+ 51. Kc3 Kd5 52. Kc2 e3 53. Rb3 Ke4 54. Re2 Rd7 55. Kb1 Kf3 {[%mdl 64] [#] Double Attack} 56. Rbb2 a4 (56... Rd1+ $142 57. Ka2 Rg1) 57. Rbc2 Rd1+ 58. Ka2 Rf1 {Av CentiPawn Loss W=-95/B=-38. Weighted=-87/-35} 0-1

[Event "FISU World University-ch 2020-KO"]
[Site "Online"]
[Date "2020.10.26"]
[Round "2"]
[White "Ilyuchyk, Yana"]
[Black "Turar, Dastan"]
[Result "1-0"]
[WhiteElo "2119"]
[BlackElo "2229"]
[Annotator "TA"]
[PlyCount "81"]
[EventDate "2020.10.26"]
[EventType "team-tourn"]
[SourceTitle "playchess.com"]
[Source "ChessBase"]
[SourceQuality "1"]

{[%evp 17,81,20,20,20,21,21,22,13,13,0,77,-1,0,-2,33,26,27,33,54,26,67,53,40,44,83,79,102,102,232,191,337,216,407,409,389,397,404,389,455,447,455,379,615,554,713,702,696,695,843,711,777,745,895,898,845,816,888,801,1386,884,29958,6712,29991,2575,29998,29999]} 1. e4 e6 2. d4 d5 3. Nc3 Bb4 4. e5 c5 5. a3 Ba5 6. b4 cxd4 7. Nb5 Bc7 8. f4 Bd7 9. Nxc7+ Qxc7 10. Bb2 {C18: French: 3 Nc3 Bb4: Main line: 7 h4 and 7 Qg4.} Ba4 11. Bd3 Nc6 12. Nf3 {The position is equal.} Qb6 13. Rb1 Nge7 {[#]} (13... Bb5 $11 {remains equal.}) 14. O-O {[#]} (14. b5 $1 $16 {[%cal Rb5c6]} Bxb5 15. Bxd4 Qa5+ 16. Qd2 Bxd3 17. Qxa5 Nxa5 18. cxd3) 14... a6 $146 ({Predecessor:} 14... Bb5 15. Bxb5 Qxb5 16. Bxd4 Nxd4 17. Nxd4 Qb6 18. Kh1 Rc8 19. Qd3 Rc4 20. Rbd1 O-O {0-1 (44) Espinoza Palomino,W (2363)-Alsina Leal,D (2538) Badalona 2013}) 15. Kh1 O-O-O 16. Qd2 Kb8 17. Qf2 Bb5 18. Bxb5 Qxb5 19. Bxd4 Nf5 20. Bc5 d4 21. Rfd1 Rd5 22. Ng5 ({But not} 22. Nxd4 $6 Nfxd4 23. Bxd4 Rhd8 $11) ({Much weaker is} 22. Bxd4 $6 Ncxd4 23. Nxd4 Rhd8 $11) 22... Ne3 {A mistake that costs the game.} (22... Rd7 $16 {keeps fighting.}) 23. Re1 (23. Nxf7 Nxd1 24. Rxd1 Rg8 $14) 23... f6 (23... Rc8 {was necessary.} 24. Nxf7 Rxc5 25. bxc5 Qxc5) 24. Nf7 Re8 $2 (24... Rg8 25. Nd6 Qa4) 25. Nd6 $18 Rxd6 26. Bxd6+ ({Weaker is} 26. exd6 Qc4 $18) 26... Ka8 27. c3 Ng4 28. Qg3 f5 29. cxd4 Nxd4 $2 (29... Qd3 30. Qxd3 Nf2+ 31. Kg1 Nxd3) 30. h3 Nc2 31. hxg4 Nxe1 32. Rxe1 g6 33. Rc1 Qe2 34. Qf3 Qd2 35. Rd1 Qc2 36. Bc5 fxg4 37. Qxg4 Qa4 38. Qf3 h5 39. Bg1 {Qe3! would kill now.} a5 {[#]} 40. Qd3 (40. Qf2 $142 $3 {[%mdl 512]} b6 41. Qxb6 axb4 42. Rb1 Rb8 43. Qxe6 Rd8 44. Rxb4 Qxb4 45. axb4) 40... Rf8 {[#]} 41. Qd8+ $1 {[%mdl 576] Back Rank. Av CentiPawn Loss W=-101/B=-164. Weighted=-101/-172} 1-0

[Event "FISU World University-ch 2020-KO"]
[Site "Online"]
[Date "2020.10.26"]
[Round "3"]
[White "Petrosyan, Manuel"]
[Black "Lu, Shanglei"]
[Result "0-1"]
[WhiteElo "2628"]
[BlackElo "2615"]
[Annotator "TA"]
[PlyCount "84"]
[EventDate "2020.10.26"]
[EventType "team-tourn"]
[SourceTitle "playchess.com"]
[Source "ChessBase"]
[SourceQuality "1"]

{[%evp 10,84,23,22,34,29,37,28,30,22,25,31,23,0,10,14,29,35,34,33,58,79,72,33,65,73,90,89,71,0,22,29,26,21,93,116,89,93,348,31,45,0,3,0,0,0,0,0,0,0,0,0,0,-80,-52,-115,-113,-150,-94,-658,-654,-5531,-5547,-5197,-2112,-1834,-1522,-2278,-2400,-2487,-2196,-29988,-29989,-29989,-29990,-29990,-29991]} 1. d4 Nf6 2. c4 e6 3. Nc3 d5 4. Bg5 Nbd7 5. cxd5 exd5 6. e3 h6 {D35: Queen's Gambit Declined: Exchange Variation.} 7. Bf4 c6 {[#]} 8. h3 $146 ({Predecessor:} 8. Bd3 Nb6 9. Nf3 Bg4 10. Qc2 Bxf3 11. gxf3 Bd6 12. Be5 O-O 13. Rg1 Re8 14. f4 {1-0 (42) Paehtz,E (2474)-Marin,M (2597) Reykjavik 2016}) 8... Ne4 {White has an edge.} 9. Bd3 Ndf6 10. Nge2 Bd6 11. Qc2 {[%cal Rd3e4]} Bxf4 (11... O-O {is interesting.} 12. Bxd6 Nxd6 13. O-O Re8 14. b4 Bd7) 12. Nxf4 {[%cal Rd3e4]} Qe7 (12... O-O {feels hotter.} 13. O-O Qe7 14. Rab1 Bf5 15. Rfe1 g5) 13. Bxe4 dxe4 14. O-O-O g5 15. Nfe2 Bf5 16. Kb1 Bg6 17. d5 O-O {[#]} 18. dxc6 $1 bxc6 19. h4 (19. Qa4 $16) 19... Rfd8 (19... Ng4 $5 {[%cal Rg4f2]} 20. Nd4 Qf6 $14) 20. hxg5 hxg5 21. Nd4 c5 (21... Rac8 $11 {remains equal.}) 22. Nc6 $16 Rxd1+ 23. Rxd1 ({But not} 23. Nxd1 $6 Qd6 $11) ({Of course not} 23. Qxd1 $6 Qe6 $11) 23... Qe8 $2 {[%mdl 8192]} (23... Qe6 $16 24. Qa4 Kg7) 24. Na5 $2 (24. Rd6 $18 Rc8 25. Nxa7 (25. Rxf6 Rxc6 26. Qa4 Re6 $16)) 24... Rd8 $14 25. Rxd8 Qxd8 26. Nc4 Ng4 27. Kc1 Qe7 28. Qe2 Qe6 29. Kd2 {[#]} Nxf2 $1 {[%mdl 512]} 30. Qxf2 {And now b3 would win.} Qxc4 31. Qe2 (31. Qg3 $1 $11) 31... Qe6 32. Qb5 (32. Ke1 $15) 32... Qd6+ $17 33. Kc2 f5 ({Black should try} 33... Qg3 34. Qe2 f5 35. Qc4+ Bf7) 34. Na4 $2 {[%mdl 8192]} (34. Kc1 $17) 34... f4 $19 35. Qxc5 Qxc5+ 36. Nxc5 {[%mdl 4096] Endgame KB-KN} f3 37. gxf3 exf3+ 38. Kd2 g4 39. e4 g3 40. Ke3 f2 {Black mates.} 41. Ke2 Bh5+ 42. Kf1 Bg4 {Black used his chance. Av CentiPawn Loss W=-107/B=-53. Weighted=-132/-34} 0-1

[Event "FISU World University-ch 2020-KO"]
[Site "Online"]
[Date "2020.10.26"]
[Round "3"]
[White "Sargsyan, Shant"]
[Black "Lei, Tingjie"]
[Result "1/2-1/2"]
[WhiteElo "2596"]
[BlackElo "2505"]
[Annotator "TA"]
[PlyCount "101"]
[EventDate "2020.10.26"]
[EventType "team-tourn"]
[SourceTitle "playchess.com"]
[Source "ChessBase"]
[SourceQuality "1"]

{[%evp 17,101,12,21,18,18,24,16,13,25,9,26,6,0,2,0,-7,2,0,0,0,0,0,0,-10,-6,-6,-6,-11,-10,-13,-7,-18,-17,-20,-7,-12,-7,-32,-21,-22,-21,-16,-14,-18,-12,-29,0,-18,-15,-28,-8,-12,-12,-13,-12,-12,-12,-21,-26,-22,-21,-34,-34,-34,-20,-20,-20,-23,-8,-8,-8,-17,-17,-68,0,-46,-32,-47,-8,-14,0,0,0,0,0,0]} 1. d4 d5 2. c4 dxc4 3. Nf3 Nf6 4. e3 e6 5. Bxc4 c5 6. O-O Nc6 7. dxc5 Qxd1 8. Rxd1 Bxc5 9. Nc3 a6 10. Nd2 {D27: Queen's Gambit Accepted: Classical main line: 7 e4!? and 7 a4.} (10. Be2 {is more complex.} O-O 11. a3 b5 12. b4 Be7 13. Bb2) 10... O-O 11. Nb3 Ba7 12. Be2 Bd7 13. Bd2 {[#]} Rfc8 $146 ({Predecessor:} 13... Rac8 14. Be1 Rfd8 15. Bf3 Be8 16. Ne4 Nxe4 17. Bxe4 Bb6 18. Kf1 Rxd1 19. Rxd1 Rd8 {½-½ (33) Lupulescu,C (2652)-Keymer,V (2558) Playchess.com INT 2020}) 14. Rac1 Ne5 15. Be1 b5 16. Nb1 Nd5 17. Rxc8+ Rxc8 18. Nc3 Nf6 19. a3 Bb6 20. Rc1 g5 21. Nd1 Rxc1 22. Nxc1 {Bc3 is the strong threat.} Nd5 23. Kf1 f5 24. Nc3 Nf6 25. N1a2 Kf7 26. Nb4 Bc8 27. Nd3 Nxd3 28. Bxd3 Bb7 29. b4 Bc6 30. h3 Nd7 31. Be2 Nf6 32. Bd3 h5 33. Bd2 g4 34. hxg4 hxg4 35. Bc1 Nd7 36. a4 {[%cal Ra4b5]} Ne5 37. Be2 {[%cal Ra4b5]} Nc4 38. axb5 axb5 39. Bxc4 bxc4 $11 {[%mdl 4096] Endgame KBB-KBN} 40. Bb2 {[#]} g3 $1 {[%mdl 512]} 41. Ne2 (41. fxg3 Bxe3) 41... gxf2 42. Kxf2 Ke7 43. Be5 Kd7 44. g3 Bd8 45. Bc3 (45. Nc3 $11) 45... Bb6 (45... Bc7 $15) 46. Nf4 Be4 47. b5 Bc2 48. Ng6 {The position is equal.} Ba4 49. Ne5+ {[%mdl 64] [#] Double Attack} Kc7 50. Nxc4 Bxb5 51. Be5+ {Av CentiPawn Loss W=-7/B=-6. Weighted=-8/-8} 1/2-1/2

[Event "FISU World University-ch 2020-KO"]
[Site "Online"]
[Date "2020.10.26"]
[Round "3"]
[White "Liu, Yan"]
[Black "Martirosyan, Haik M."]
[Result "1-0"]
[WhiteElo "2524"]
[BlackElo "2622"]
[Annotator "TA"]
[PlyCount "85"]
[EventDate "2020.10.26"]
[EventType "team-tourn"]
[SourceTitle "playchess.com"]
[Source "ChessBase"]
[SourceQuality "1"]

{[%evp 15,85,8,30,24,27,12,8,0,20,0,0,-3,0,0,2,2,3,8,16,0,62,43,72,70,101,54,50,39,114,102,136,134,123,124,181,162,170,162,176,166,155,108,304,322,322,296,277,193,183,177,210,188,182,197,197,197,192,190,238,227,275,266,268,263,253,249,291,287,462,454,938,928]} 1. d4 Nf6 2. c4 e6 3. Nf3 b6 4. g3 Ba6 5. b3 Bb4+ 6. Bd2 Be7 7. Bg2 d5 8. cxd5 exd5 9. O-O {9.0-0 scores better than 9.Nc3. E15: Queen's Indian: 4 g3 sidelines, 4 g3 Ba6 and 4 g3 Bb7 early deviations.} O-O 10. Bc3 Re8 11. Bb2 {The position is equal.} Nbd7 12. Nc3 Bb4 {...Bxc3 is the strong threat.} 13. Re1 Ne4 14. Rc1 Bb7 15. e3 Ndf6 16. Re2 {[#]} a5 $146 ({Predecessor:} 16... Nxc3 17. Bxc3 Bd6 18. b4 Ne4 19. Qb3 Qd7 20. Rec2 Bc6 21. Rb2 Qe6 22. a4 Bd7 {0-1 (55) Ter Sahakyan,S (2547)-Kravtsiv,M (2654) Ahmedabad 2018}) 17. Rec2 Bxc3 (17... Nxc3 $11 18. Bxc3 Bd6) 18. Bxc3 $14 a4 19. Bb2 c5 20. Nd2 (20. dxc5 {feels hotter.} bxc5 21. Nd2 d4 22. exd4 cxd4 23. Nxe4 Bxe4 24. Bxe4 axb3 25. axb3 Nxe4 26. Qxd4 Qxd4 27. Bxd4 Rab8 28. Rb2) 20... axb3 21. axb3 Nxd2 (21... Qe7 $14) 22. Rxd2 $16 cxd4 23. Bxd4 Ne4 24. Rdc2 Re7 (24... f6 $16 {is a better defense.} 25. Qg4 Bc8) 25. Qg4 $18 {[%csl Gd4][%cal Rg4g7] [#]} f6 26. h4 Kh8 27. h5 h6 28. Qg6 b5 $2 {[#] Now Black is done in.} (28... Ng5 $16 29. Bf1 Nf3+ 30. Kg2 Ne5) 29. Bh3 $1 {[%cal Rh3f5]} Qe8 30. Bf5 {[%csl Gf5][%cal Rg6h7]} Qxg6 31. Bxg6 b4 32. Kg2 Nc3 33. Kh2 Ne4 34. g4 Rd7 35. f3 Ng5 36. Kg3 Rdd8 37. Rc7 Ba6 38. Re7 Rdc8 39. Rxc8+ Rxc8 40. Bf5 Rf8 41. Bc5 {Threatens to win with Ra7!} Be2 $2 (41... Rg8 42. Kf2 Nh3+ 43. Kg2 Ng5 44. Bxb4 Rd8) 42. f4 Ne4+ (42... Nh7 $142 43. e4 d4) 43. Rxe4 $1 {Av CentiPawn Loss W=-9/B=-38. Weighted=-8/-34} 1-0

[Event "FISU World University-ch 2020-KO"]
[Site "Online"]
[Date "2020.10.26"]
[Round "3"]
[White "Chen, Qi B"]
[Black "Sargsyan, Anna M."]
[Result "1-0"]
[WhiteElo "2493"]
[BlackElo "2402"]
[Annotator "TA"]
[PlyCount "113"]
[EventDate "2020.10.26"]
[EventType "team-tourn"]
[SourceTitle "playchess.com"]
[Source "ChessBase"]
[SourceQuality "1"]

{[%evp 13,113,7,16,-6,0,0,0,0,0,1,4,0,8,0,8,17,23,0,0,0,14,0,11,0,0,0,0,0,0,0,14,7,10,6,14,2,36,36,36,33,45,39,75,54,71,66,75,68,56,33,31,37,69,69,77,68,77,68,68,68,68,68,75,54,52,48,53,12,16,15,22,16,34,34,37,35,41,29,34,20,36,0,0,0,10,1,48,49,106,89,135,91,1318,681,375,322,12836,400,12850,12850,27999,27999]} 1. e4 e5 2. Nf3 Nc6 3. Bb5 a6 4. Ba4 Nf6 5. d3 b5 6. Bb3 Bc5 {seems to push 6...Be7 aside.} 7. O-O O-O 8. h3 {C78: Ruy Lopez: Archangelsk and Möller Defences.} h6 9. a4 Rb8 10. axb5 {The position is equal.} axb5 11. Re1 d6 12. c3 Re8 13. Nbd2 Bb6 14. Nf1 {[#]} Be6 $146 ({Predecessor:} 14... d5 15. exd5 Nxd5 16. d4 e4 17. Ng3 exf3 18. Rxe8+ Qxe8 19. Bxd5 fxg2 20. Bxg2 Ne7 {0-1 (31) Genba,V (2454)-Esipenko,A (2625) Minsk 2019}) 15. Bc2 d5 16. exd5 Qxd5 17. Ng3 (17. Qe2 {looks sharper.} Bd7 18. Ng3 Qd6 19. Nh4 Ne7 20. Bd2) 17... Rbd8 18. Be3 Bxe3 19. Rxe3 Ra8 20. Rb1 Qd6 21. Re1 Nd5 22. d4 exd4 $1 23. Nxd4 Nxd4 24. Qxd4 Nf6 (24... Qb6 {is more complex.} 25. Qe5 Nf6 26. Ne4 Nxe4 27. Qxe4 g6) 25. Qxd6 cxd6 26. Red1 d5 27. Rd4 g6 28. Nf1 Rab8 29. Ne3 Red8 30. Rbd1 b4 31. Rxb4 (31. cxb4 {keeps more tension.} Rb6 32. Bd3 Kg7 33. Nc2 Ne8 34. g4) 31... Rxb4 32. cxb4 Rb8 33. Rd4 Kf8 34. f4 h5 35. Kf2 Ke7 36. Kf3 Kd6 37. Bb3 Rb5 38. g4 hxg4+ 39. hxg4 g5 $1 40. Ba4 Rb8 41. Nc4+ Kc7 42. Ne5 gxf4 43. Kxf4 Rg8 {[%cal Rf6g4]} 44. Bd1 Rh8 45. Bf3 Rh2 46. g5 Ne4 47. Bxe4 dxe4 48. Rxe4 Rxb2 $14 {[%mdl 4096] Endgame KRB-KRN} 49. Nd3 Rb1 50. Ke5 Rg1 (50... Rd1 $14) 51. Kf6 $16 Kd6 52. Rd4+ Kc6 $2 {[%mdl 8192] This move loses the game for Black.} (52... Kc7 $16) 53. Ne5+ $18 {[%mdl 64] [#] Double Attack} Kb5 {intending ...Rf1+.} 54. Rf4 Bb3 $2 (54... Ka4 55. g6 {[%mdl 64] Overworked Piece} (55. Nxf7 Bxf7 56. b5+ Ka5 $11) 55... fxg6 56. Kxe6 g5) 55. Nxf7 (55. Nf3 $142 Rg3 56. Nd4+ Ka4 57. Nxb3 Kxb3 58. b5) 55... Bxf7 (55... Re1 $142 56. Nd6+ Kc6) 56. Rf5+ ({Not} 56. Kxf7 Rxg5 57. Rh4 Rg3 $11) 56... Kxb4 57. Kxf7 {Av CentiPawn Loss W=-41/B=-86. Weighted=-25/-62} 1-0

[Event "FISU World University-ch 2020-KO"]
[Site "Online"]
[Date "2020.10.26"]
[Round "3"]
[White "Roshka, Yevgeniy"]
[Black "Zarubitski, Viachaslau"]
[Result "1-0"]
[WhiteElo "2476"]
[BlackElo "2442"]
[Annotator "TA"]
[PlyCount "121"]
[EventDate "2020.10.26"]
[EventType "team-tourn"]
[SourceTitle "playchess.com"]
[Source "ChessBase"]
[SourceQuality "1"]

{[%evp 9,121,7,17,16,20,-7,0,0,9,5,11,7,9,8,32,24,25,0,0,0,20,14,19,9,23,15,21,18,31,12,25,31,41,43,66,70,62,56,94,61,111,119,101,103,104,97,102,93,128,121,121,121,121,120,161,157,190,156,165,170,221,192,233,227,272,260,287,278,242,227,246,239,258,252,256,237,245,226,205,81,81,87,115,97,108,3,270,268,264,272,296,274,445,437,947,915,1038,1013,5202,5065,4141,2878,1787,1837,29974,29976,29976,29976,29980,29980,29981,29982,29982,29983]} 1. d4 d5 2. c4 c6 3. Nf3 Nf6 4. Nc3 g6 5. b3 Bg7 6. Bb2 {D90: Grünfeld: 4 Nf3 Bg7 sidelines.} O-O 7. g3 {[#]} Be6 $146 ({Predecessor:} 7... Bf5 8. Bg2 Ne4 9. Nh4 Nxc3 10. Bxc3 Be6 11. Qd3 c5 12. dxc5 dxc4 13. Qe3 Bxc3+ 14. Qxc3 {½-½ (48) Mestre Bellido,H (2290)-Serra Pages,J (2196) Barcelona 2017}) 8. cxd5 {The position is equal.} cxd5 9. Bg2 Nc6 10. O-O Rc8 11. Rc1 h6 12. e3 Bg4 13. h3 Bxf3 14. Bxf3 Qd7 15. Bg2 e6 16. Qe2 Ne8 17. Ba3 Nd6 18. Na4 $36 {[%mdl 2048] Black is under pressure.} b6 19. Rc2 Rc7 20. Nc3 Ne7 21. Qd3 Ndf5 22. Rfc1 Rfc8 23. Bf1 Bf8 24. Qd2 Nd6 25. Ba6 {Strongly threatening Bxd6.} Ra8 26. Bxd6 Qxd6 27. Nb5 Rxc2 28. Qxc2 (28. Nxd6 $2 {is the wrong capture.} Rxd2 29. a3 Ra2 $19) 28... Qd8 29. Qc7 Nf5 30. Qxd8 Rxd8 31. Rc7 Nd6 32. Nxa7 Ra8 33. Bd3 Ne8 34. Rd7 Nd6 (34... Nf6 $142 35. Rb7 Ne8) 35. a4 $18 Kg7 36. Kf1 Kf6 37. Ke2 e5 38. dxe5+ Kxe5 39. Nc6+ Ke6 40. Rc7 Rc8 41. Nd4+ Kf6 42. Nb5 {And now Nxd6! would win.} Ke6 43. b4 Ra8 44. Ra7 (44. Nd4+ $18 {has better winning chances.} Kf6 45. Nb5) 44... Rxa7 $16 45. Nxa7 {[%mdl 4096] Endgame KBN-KBN} Ne4 46. a5 {Bxe4 is the strong threat.} Bxb4 47. axb6 (47. Bxe4 $16 {Threatens to win with a6.} dxe4 48. a6 (48. axb6 Bc5 $11)) 47... Nc5 $2 {[%mdl 8192] [#] Black cannot hold the game after this.} (47... Bc5 $1 $11) 48. Nc6 $18 Bc3 49. Nd8+ Kd7 50. Nxf7 h5 $2 (50... Bg7 51. Bxg6 Kc6) 51. Bxg6 h4 (51... Ba5 $142 52. Bxh5 Bxb6) 52. gxh4 Kc6 53. h5 d4 54. exd4 Bxd4 55. h6 Ne6 56. Bf5 Nf8 57. h7 {White mates.} Nxh7 58. Bxh7 Bxb6 59. f4 Kd5 60. Bf5 Bc7 61. Kf3 {Av CentiPawn Loss W=-30/B=-30. Weighted=-19/-35} 1-0